| 000 | 00535nam a2200169 a 4500 | ||
|---|---|---|---|
| 001 | 000044005 | ||
| 005 | 20201002045104.0 | ||
| 008 | 140513s1999 sp 000 0 spa d | ||
| 020 | _a8408026666 | ||
| 040 |
_aDO-SdBNP _bspa _cBNPHU |
||
| 100 | 1 |
_aMoral, Rafael del _971971 |
|
| 245 | 1 | 0 |
_aEnciclopedia de la Novela Española / _cRafael del Moral ; prólogo de Andrés Amorós. |
| 260 |
_aBarcelona : _bPlaneta, _c1999. |
||
| 300 |
_a712 p. ; _c24 cm. |
||
| 504 | _aBibliografía : p. 645-675 | ||
| 700 | 1 | 2 |
_aAmoros, Andrés _epról. _915570 |
| 999 |
_c43494 _d43494 |
||